[Event "RUS Rapid GP Top 16 2018"]
[Site "Khanty-Mansiysk"]
[Date "2018.12.03"]
[Round "11"]
[White "Sarana, Alexey"]
[Black "Maltsevskaya, Aleksandra"]
[Result "1-0"]
[WhiteElo "2617"]
[BlackElo "2247"]
[Annotator "TA"]
[PlyCount "71"]
[EventDate "2018.12.01"]
[EventType "swiss"]
[EventCountry "RUS"]
[SourceTitle "playchess.com"]
[Source "ChessBase"]
[SourceQuality "1"]

{[%evp 25,71,51,60,46,60,54,48,37,42,31,46,33,31,36,34,46,54,18,47,7,14,4,117,111,158,168,158,165,152,155,523,516,510,112,508,426,443,414,861,841,856,854,829,780,1337,1159,29991,29992]} 1. d4 g6 2. c4 Bg7 3. Nc3 Nf6 4. Nf3 O-O 5. g3 d6 6. Bg2 Nbd7 7. O-O e5 8. e4 c6 9. Re1 Re8 10. h3 exd4 11. Nxd4 Qb6 12. Nc2 Ne5 {E69: King's Indian: Fianchetto: 6...Nbd7 7 0-0 e5 8 e4 c6 9 h3} 13. b3 Be6 {LiveBook: 7 Games} 14. Be3 (14. Ne3 Nfd7 15. Bb2 Nc5 16. Bf1 Bxh3 17. Bxh3 Ned3 18. Qc2 Nxb2 19. Bf1 Re6 20. Rab1 {0-1 (66) Van Wely,L (2642)-Adhiban,B (2668) Batumi 2018}) 14... Qa5 {White is slightly better.} 15. Bd2 Qb6 16. Na4 Qc7 17. Nd4 Bd7 18. Be3 c5 $146 ({Predecessor:} 18... Rad8 19. Nc3 Bc8 20. Qc2 a6 21. f4 {½-½ (33) Himaras,S (2208)-Papadopoulos,N (2112) Athens 2006}) 19. Nb5 $36 {[%mdl 2048] White is pushing.} Bxb5 20. cxb5 {[%cal Bc4b5,Bb5a6][%mdl 32]} Qa5 21. Qe2 a6 22. bxa6 b5 23. Nb2 Nc6 (23... Qxa6 $11 24. a4 bxa4 25. Qxa6 Rxa6) 24. e5 Nxe5 25. Bxa8 Rxa8 26. Bxc5 dxc5 27. Qxe5 {a4 is the strong threat.} Re8 $2 (27... Nh5 $16 {is tougher.} 28. Qd5 (28. Qxc5 Bxb2 29. Rab1 Ba3 $14) 28... Rf8) 28. Qxe8+ $18 Nxe8 29. Rxe8+ Bf8 {[#]} 30. Rd1 $1 Kg7 31. Rdd8 Be7 (31... Qxa2 $142 32. Nd1 (32. Rxf8 Qxb2 33. Rd1 Qa3 $16) 32... Qxa6 33. Rxf8 Qa5) 32. Rd7 ({Weaker is} 32. Rxe7 Qxd8 33. a7 Qxe7 $16) 32... Qe1+ 33. Kg2 Qe4+ 34. Kh2 Qc2 35. Nd3 Qxa2 36. Rexe7 {Precision: White = 80%, Black = 38%.} 1-0

[Event "RUS Rapid GP Top 16 2018"]
[Site "Khanty-Mansiysk"]
[Date "2018.12.03"]
[Round "11"]
[White "Kryakvin, Dmitry"]
[Black "Bocharov, Dmitry"]
[Result "0-1"]
[WhiteElo "2529"]
[BlackElo "2684"]
[Annotator "TA"]
[PlyCount "74"]
[EventDate "2018.12.01"]
[EventType "swiss"]
[EventCountry "RUS"]
[SourceTitle "playchess.com"]
[Source "ChessBase"]
[SourceQuality "1"]

{[%evp 10,74,0,0,-5,-10,-10,-5,0,-18,-10,-43,-42,-41,-35,-42,-34,-47,-24,-35,-8,-15,-19,-18,-17,-16,-9,-8,-11,-31,0,0,0,0,6,-2,0,-37,8,8,8,8,15,7,71,0,0,0,0,0,14,-6,28,0,77,28,35,27,75,79,338,293,278,-411,-408,-386,-378]} 1. d4 Nf6 2. Bg5 d5 3. e3 c5 4. c3 (4. Bxf6 gxf6 5. dxc5 e6 6. Nf3 Bxc5 7. Be2 Nc6 8. O-O O-O 9. c4 dxc4 10. Qa4 Qe7 11. Qxc4 b6 12. Nc3 Bb7 13. Qh4 Nb4 14. Rfd1 Rfd8 15. a3 Nd5 16. Nxd5 Rxd5 17. b4 Bd6 18. e4 Rxd1+ 19. Rxd1 Kg7 20. e5 {½-½ (20) Shimanov,A (2626)-Lenderman,A (2626) Saint Louis 2018}) 4... Nc6 5. Nd2 cxd4 6. exd4 {LiveBook: 23 Games. D00: 1 d4 d5: Unusual lines} h6 7. Bh4 Bf5 8. Ngf3 {The position is equal.} e6 9. Qb3 $146 ({Predecessor:} 9. Bb5 Qb6 10. Qb3 a6 11. Bxc6+ Qxc6 {½-½ (21) Arnold,H (2250)-Versili,M (2409) ICCF email 2008}) 9... a6 10. Ne5 ({But not} 10. Qxb7 $2 Na5 $19) 10... Qc7 11. Nd3 Bd6 12. Bg3 Bxg3 13. hxg3 O-O {And now ...e5 would win.} 14. Be2 Bxd3 15. Bxd3 e5 16. dxe5 Qxe5+ 17. Kf1 Qd6 18. Nf3 {[%cal Bd2f3,Bf3d4,Bd4f5,Bf5e3][%mdl 32]} Rfe8 19. Rd1 b5 20. Rh4 Ne5 21. Qc2 Rac8 22. a3 Rc7 23. Nd4 Nxd3 24. Qxd3 Qc5 25. Nf5 Re5 26. Rd4 Ne4 (26... Rc6 $11) 27. Qf3 (27. g4 $16) 27... Rc6 $11 {[%cal Bc7c6,Bc6e6,Be6e4][%mdl 32]} 28. Qf4 Rce6 {[#] Hoping for ...g5.} 29. g4 a5 (29... Nf6 {with more complications.} 30. Kg1 Re2 31. Rf1 Ne4 32. Qb8+ Kh7) 30. Ne3 $40 {[%cal Rd4d5][%mdl 128] White attacks.} (30. Kg1 {seems wilder.} Qc6 31. Re1 f6 32. Red1 Nd6 33. Qf3) 30... Nf6 31. Qf3 {[%cal Re3d5]} Re4 (31... Ne4 $11 {remains equal.}) 32. g3 {[%cal Re3d5]} (32. Rxe4 {keeps more tension.} Nxe4 33. Nxd5 Qc4+ 34. Qd3 Nd6 35. Ne3) 32... Rxd4 33. Rxd4 {[%cal Re3d5]} Re4 {[#]} 34. Rxd5 $1 {[%mdl 512]} Rxe3 $4 {[%mdl 8192]} (34... Nxd5 $16 35. Qxe4 Nxe3+ 36. fxe3 (36. Qxe3 Qc4+ 37. Qe2 Qb3 $16) 36... g6) 35. Rxc5 $18 Rxf3 36. Rxb5 $4 {[%mdl 8192]} (36. Rc8+ $18 {is the narrow road to win.} Ne8 37. Rxe8+ Kh7 38. Rb8) 36... Nxg4 $19 37. Ke2 Rxf2+ {Accuracy: White = 36%, Black = 33%.} 0-1

[Event "RUS Rapid GP Top 16 2018"]
[Site "Khanty-Mansiysk"]
[Date "2018.12.03"]
[Round "11"]
[White "Shuvalova, Polina"]
[Black "Maletina, Tatiana"]
[Result "1-0"]
[WhiteElo "2411"]
[BlackElo "2239"]
[Annotator "TA"]
[PlyCount "57"]
[EventDate "2018.12.01"]
[EventType "swiss"]
[EventCountry "RUS"]
[SourceTitle "playchess.com"]
[Source "ChessBase"]
[SourceQuality "1"]

{[%evp 19,57,46,35,7,12,14,12,13,12,14,21,0,24,15,28,26,130,118,134,4,106,104,111,89,589,587,706,687,727,712,912,838,6499,6383,29991,29992,29992,29993,29993,29994]} 1. e4 c6 2. d4 d5 3. exd5 cxd5 4. Bd3 Nc6 5. c3 Nf6 6. Bf4 Bg4 7. Qb3 Qd7 8. Nd2 {[%cal Bb1d2,Bd2f3,Bf3g5][%mdl 32]} e6 9. Ngf3 Bxf3 10. Nxf3 Bd6 {LiveBook: 138 Games} 11. Bg5 {B13: Caro-Kann: Exchange Variation and Panov-Botvinnik Attack} (11. Bxd6 Qxd6 12. Qxb7 Rb8 13. Qa6 O-O 14. Bb5 Rb6 15. Qa4 Rfb8 16. Bxc6 Rxc6 17. Ne5 Rcb6 18. Nd3 Ne4 19. O-O Nd2 {0-1 (38) Vidit,S (2711)-Shimanov,A (2626) chess.com INT 2018}) 11... Ne4 12. O-O Nxg5 $146 ({Predecessor:} 12... h6 13. Be3 O-O 14. Qc2 Nf6 15. Qd2 Ne4 16. Qc2 f5 17. Rae1 Rac8 18. a3 Na5 {0-1 (34) Nadvesnik,M (1799)-Lendero,P (2007) Otocec 2006}) 13. Nxg5 {The position is equal.} h6 14. Nf3 O-O 15. Rfe1 Qc7 16. Rad1 Rfb8 17. Bb1 b5 {[#]} (17... g6 $11 {remains equal.}) 18. Qc2 $1 $16 g6 {[#]} 19. a3 ({White should play} 19. Rxe6 $1 $16 {[%mdl 512]} fxe6 20. Qxg6+ {[%mdl 64] Double Attack} Kf8 21. Qxh6+ (21. Qxe6 Rd8 $14) 21... Qg7 22. Qxe6 {[%mdl 64] Double Attack}) 19... a5 (19... Ne7 $11) 20. h4 h5 {[#]} 21. Rxe6 $1 {[%mdl 576] Deflection} fxe6 $4 {[%mdl 8192]} (21... Ne7 $16 22. Re3 Nf5) 22. Qxg6+ $18 {[%mdl 64] Double Attack} Qg7 {And now ...Qxg6 would win.} 23. Qxe6+ {[%mdl 64] Double Attack} Kh8 24. Qxd6 Ne7 25. Re1 Re8 26. Re5 Rad8 27. Rxh5+ {White mates.} Kg8 28. Qe6+ Kf8 29. Ne5 {Accuracy: White = 53%, Black = 28%.} 1-0

[Event "RUS Rapid GP Top 16 2018"]
[Site "Khanty-Mansiysk"]
[Date "2018.12.03"]
[Round "11"]
[White "Kabanov, Nikolai"]
[Black "Yudin, Sergei"]
[Result "1/2-1/2"]
[WhiteElo "2403"]
[BlackElo "2643"]
[Annotator "TA"]
[PlyCount "99"]
[EventDate "2018.12.01"]
[EventType "swiss"]
[EventCountry "RUS"]
[SourceTitle "playchess.com"]
[Source "ChessBase"]
[SourceQuality "1"]

{[%evp 10,99,39,35,74,86,91,62,112,112,126,119,100,89,147,128,128,114,228,137,137,114,91,75,167,158,209,157,203,215,172,193,220,180,206,206,202,196,152,90,82,9,105,0,23,23,390,399,870,847,1235,1171,29987,29971,5693,0,0,0,0,0,506,0,0,0,0,-10,0,0,0,0,0,0,0,0,0,0,0,0,0,0,0,0,0,0,0,0,0,0,0,0,0,0]} 1. e4 d6 2. d4 Nf6 3. Nc3 Nbd7 4. g4 h6 5. h3 e5 6. Nge2 {[%cal Bg1e2,Be2d4,Bd4b3][%mdl 32] LiveBook: 69 Games. B07: Pirc Defence: Miscellaneous Systems} g6 7. Be3 (7. Bg2 Bg7 8. Be3 c6 9. Qd2 Qe7 10. O-O h5 11. g5 Nh7 12. a4 {1-0 (48) Bosiocic,M (2624)-Bortnyk,O (2610) Riadh 2017}) 7... Bg7 8. Qd2 $146 {White is better.} ({Predecessor:} 8. Bg2 O-O 9. O-O Re8 10. Ng3 Nb6 11. Qd3 c6 12. Rad1 {½-½ (24) Roos,A (2229)-Broekmeulen,J (2394) Maastricht 2015}) 8... exd4 9. Nxd4 Nc5 10. f3 h5 {[%cal Rh5g4]} 11. Qg2 c6 ({Black should try} 11... Nfd7) 12. O-O-O $1 $16 Qa5 13. Kb1 Nfd7 (13... Be6 $16) 14. Nb3 Qc7 15. gxh5 Rxh5 16. Qd2 Bf8 (16... a5 $16) 17. f4 $1 $18 Rh7 (17... Nxb3 $16 {was necessary.} 18. axb3 Rh7) 18. h4 Be7 19. Be2 Nxb3 20. axb3 ({Don't do} 20. cxb3 $6 Rxh4 21. Rxh4 Bxh4 $14) 20... Nf6 21. e5 dxe5 22. fxe5 Qxe5 23. Rhe1 {Hoping for Bg5.} Be6 24. Bc4 (24. Bg5 $142 Qc7 25. Qe3) 24... Rd8 $16 25. Bd4 ({Better is} 25. Bd3 $1 $16) 25... Qf5 (25... Qg3 $11 {keeps the balance.}) 26. Qe3 (26. Qh2 $1 $16) 26... Rxh4 27. Rf1 Ng4 $2 {[%mdl 8192]} (27... Qh3 $11 28. Qxh3 Bxh3 29. Bxf6 Rxd1+ 30. Nxd1 Bxf1 31. Bxh4 Bxc4 32. Bxe7 Kxe7 33. bxc4 Ke6) 28. Qe1 $18 Qh5 $2 (28... Ne3 29. Bxe3 Rxd1+ 30. Nxd1 Qe5 31. Bxe6 (31. Bxa7 Qxe1 32. Rxe1 Bxc4 $16) 31... fxe6) 29. Bxe6 fxe6 30. Qxe6 {Threatening mate with Qf7+.} Rd6 31. Qf7+ Kd8 32. Bf6 $2 ({White must play} 32. Bxa7 $18 Qe5 {[#]} 33. Ne4 $1 {[%mdl 512]} Qxe4 34. Bb6+ Kd7 35. Rxd6+ (35. Rde1 Nh6 $11) 35... Kxd6 36. Rd1+ Qd5 37. Rxd5+ cxd5 38. Bc5+ $1 {[%mdl 576] Deflection, Decoy} Kxc5 39. Qxe7+ {[%mdl 64] Double Attack} Kb5 40. Qxb7+ Kc5 41. Qe7+ {[%mdl 64] Double Attack} Kb5 42. Qxh4) 32... Nxf6 $11 33. Rxd6+ Bxd6 34. Qxf6+ Kc7 $2 {[%mdl 8192]} (34... Be7 $11 {and Black is okay.} 35. Qf2 Rh1) 35. Qf7+ $2 (35. Rd1 $18 Qxd1+ {[%mdl 64] Remove Defender} 36. Nxd1) 35... Kb6 {The position is equal.} 36. Na4+ Ka6 37. Qe6 Rh1 38. Rxh1 Qxh1+ 39. Ka2 Qd5 40. Qxg6 Be5 41. c4 Qd6 42. Qf5 Qd4 43. Qf7 Bd6 44. Qe6 Bb4 45. Qe2 b5 46. cxb5+ cxb5 47. Qe6+ Qd6 48. Qc8+ Ka5 49. Nc3 Bxc3 50. Qxc3+ {Accuracy: White = 57%, Black = 23%.} 1/2-1/2

[Event "RUS Rapid GP Top 16 2018"]
[Site "Khanty-Mansiysk"]
[Date "2018.12.03"]
[Round "12"]
[White "Kokarev, Dmitry"]
[Black "Sjugirov, Sanan"]
[Result "1/2-1/2"]
[WhiteElo "2698"]
[BlackElo "2722"]
[Annotator "TA"]
[PlyCount "76"]
[EventDate "2018.12.01"]
[EventType "swiss"]
[EventCountry "RUS"]
[SourceTitle "playchess.com"]
[Source "ChessBase"]
[SourceQuality "1"]

{[%evp 20,76,94,69,99,90,96,86,97,80,110,75,82,63,81,67,85,81,95,66,76,64,138,130,143,122,139,119,148,106,95,100,96,83,97,91,89,81,103,100,100,103,128,144,143,142,135,130,134,0,128,122,174,0,127,0,133,0,125]} 1. e4 c5 2. Nf3 e6 3. d4 cxd4 4. Nxd4 a6 5. Bd3 Nf6 6. O-O d6 7. c4 g6 8. Nc3 Bg7 9. Nb3 O-O 10. Bf4 {B42: Sicilian: Kan Variation: 5 Bd3} Qe7 (10... Nc6 11. Be2 Ne8 12. Qd2 b6 13. Rfd1 Ra7 14. Be3 Qc7 15. Rac1 Qb8 16. Nd4 Bd7 17. f4 Ne7 18. b4 Rc7 19. Kh1 {½-½ (47) Gonzalez Vidal,Y (2546)-Kamsky,G (2717) Arlington 2014}) 11. Be2 {LiveBook: 4 Games} Rd8 12. Qd2 {White is better.} Nc6 13. Rfd1 {[%cal Rf4d6]} Ne8 {[#]} 14. Bg5 $146 ({Predecessor:} 14. Be3 Rb8 15. Bb6 Nc7 16. Rac1 Bf8 17. Qf4 Rd7 {½-½ (42) Lutz,C (2555)-Cvitan,O (2550) Passau 1997}) 14... Bf6 15. Bxf6 Nxf6 16. Qe3 Rb8 17. Rd2 b6 18. Rad1 Ne8 19. Nd4 Nxd4 20. Qxd4 Bb7 ({Black should try} 20... Bd7 $14) 21. Qxb6 $16 Bxe4 22. Qxa6 Ba8 23. Bf1 Rdc8 24. Nb5 {[%cal Rb5d6]} d5 25. cxd5 Bxd5 26. Nc3 Bc6 27. Qd3 Ng7 28. Be2 Nf5 29. Bf3 h5 30. h3 Kg7 31. Bxc6 Rxc6 32. Qe4 Qc5 33. Na4 $36 {[%mdl 2048] White is really pushing.} Qb5 34. Nc3 Qc5 35. Nd5 {[#] Hoping for Qe5+.} Rd8 (35... Rf8 $16 {keeps fighting.}) 36. Nc3 Rb8 $1 37. Na4 Qb5 {And now ...Rc4 would win.} 38. Nc3 Qc5 {Accuracy: White = 68%, Black = 54%.} 1/2-1/2

[Event "RUS Rapid GP Top 16 2018"]
[Site "Khanty-Mansiysk"]
[Date "2018.12.03"]
[Round "12"]
[White "Morozevich, Alexander"]
[Black "Kryakvin, Dmitry"]
[Result "1-0"]
[WhiteElo "2696"]
[BlackElo "2529"]
[Annotator "TA"]
[PlyCount "59"]
[EventDate "2018.12.01"]
[EventType "swiss"]
[EventCountry "RUS"]
[SourceTitle "playchess.com"]
[Source "ChessBase"]
[SourceQuality "1"]

{[%evp 19,59,13,18,20,11,-8,-22,-33,25,-12,0,-8,-2,-7,0,0,12,0,0,0,0,0,65,18,103,64,138,6,121,110,171,169,305,306,694,644,846,877,2070,2082,29989,29990]} 1. e4 c5 2. Nf3 Nc6 3. d4 cxd4 4. Nxd4 Nf6 5. Nc3 d6 6. Bc4 e6 7. Be3 Be7 8. Qe2 O-O 9. O-O-O a6 10. Bb3 Qe8 {LiveBook: 86 Games} 11. Nxc6 {B89: Sicilian: Velimirovic Attack} (11. Kb1 b5 12. Nxc6 Qxc6 13. Bd4 b4 14. Nd5 exd5 15. Bxf6 Bxf6 16. Bxd5 Qe8 17. Bxa8 Qe5 18. c4 bxc3 {1-0 (56) Rublevsky,S (2683)-Kryakvin,D (2583) Sochi 2017}) 11... Qxc6 12. Bg5 b5 13. f4 $146 {The position is equal.} ({Predecessor:} 13. Nd5 Nxd5 14. exd5 Bxg5+ 15. Kb1 Qc5 16. dxe6 Bxe6 17. Bxe6 fxe6 18. Qxe6+ Kh8 19. Rd5 Qxf2 20. Rxg5 Rae8 {0-1 (20) Ivanics,F (2150)-Sziraki,T (2309) Hungary 2007}) 13... Ra7 (13... b4 $15 14. e5 dxe5 15. fxe5 Nd5) 14. e5 dxe5 15. fxe5 Nd5 16. Ne4 $1 Bxg5+ 17. Nxg5 Qc5 18. Rhe1 Nf4 $1 {[%cal Rf4e2]} 19. Qe4 {[%csl Gg5][%cal Re4h7]} Ng6 20. h4 {Threatens to win with h5.} Qe7 (20... Rd7 $11) 21. Rd6 $40 {[%mdl 128] White is up to no good.} Bb7 (21... a5 $11 22. c3 a4) 22. Qe3 Bd5 ({Not} 22... Bxg2 $2 23. Nxe6 $1 {[%mdl 512]} Rc8 24. h5 $18) ({Better is} 22... Bc8 $14) 23. g3 (23. h5 $16 Nh4 24. Bxd5 exd5 25. Qd2) 23... h6 (23... Bxb3 $11 {remains equal.} 24. axb3 h6) 24. Bxd5 $16 {[%mdl 64] Pin} hxg5 (24... exd5 $16 {is a better defense.} 25. Nf3 Qc7) 25. h5 $18 exd5 (25... Nf4 $142 26. gxf4 gxf4 27. Qxf4 exd5) 26. hxg6 fxg6 $2 (26... Rc7 27. Qd3 (27. Rxa6 fxg6 28. Qd3 Rfc8 $16) 27... Rcc8) 27. Qd4 Qf7 {[#]} 28. e6 $1 {[%cal Re6f7]} Qe7 29. Qxd5 {Threatening mate with Rd7.} Re8 30. Rd7 {Accuracy: White = 34%, Black = 17%.} 1-0

[Event "RUS Rapid GP Top 16 2018"]
[Site "Khanty-Mansiysk"]
[Date "2018.12.03"]
[Round "12"]
[White "Bocharov, Dmitry"]
[Black "Sarana, Alexey"]
[Result "1/2-1/2"]
[WhiteElo "2684"]
[BlackElo "2617"]
[Annotator "TA"]
[PlyCount "168"]
[EventDate "2018.12.01"]
[EventType "swiss"]
[EventCountry "RUS"]
[SourceTitle "playchess.com"]
[Source "ChessBase"]
[SourceQuality "1"]

{[%evp 13,168,24,32,0,14,-5,12,10,8,-6,14,14,17,9,23,8,50,40,34,41,52,22,43,35,30,39,28,35,37,31,40,32,38,0,44,46,65,30,29,0,0,0,24,19,25,22,61,51,69,65,71,54,46,38,69,69,68,59,42,71,187,189,238,149,141,137,132,96,108,102,111,101,112,59,116,91,90,87,118,108,162,79,87,81,184,192,188,178,193,197,164,150,154,0,181,0,128,86,91,91,92,82,86,96,108,41,323,28,28,0,0,-8,10,0,0,-8,-8,-8,-8,-8,-8,-8,-8,-8,0,-8,-8,-8,-8,-8,-8,-8,-8,-8,-8,-8,-8,-8,-8,-8,-8,-8,-8,-8,0,0,0,-8,-8,-8,-8,-8,-8,-8,-8,-8,8]} 1. Nf3 d5 2. e3 Nf6 3. c4 g6 4. b3 Bg7 5. Bb2 O-O 6. cxd5 {A06: Réti Opening:1 Nf3 d5} (6. Be2 c5 7. O-O dxc4 8. bxc4 Nc6 9. d3 b6 10. Nc3 Bb7 11. Rb1 e6 12. Qc2 Qe7 13. Nd2 Rfd8 14. a3 Ne8 15. f4 Nd6 16. Nce4 Nxe4 17. Nxe4 {0-1 (35) Kryvoruchko,Y (2710)-Anand,V (2803) Berlin 2015}) 6... Nxd5 7. Bxg7 Kxg7 {LiveBook: 12 Games} 8. Qc1 {White is slightly better.} Bg4 $146 ({Predecessor:} 8... f6 9. d4 Bf5 10. Nbd2 Nb6 11. Be2 a5 12. O-O c6 13. h3 Na6 {0-1 (46) Magerramov,E (2518)-Sokolov,I (2598) Sharjah 2014}) 9. Be2 Nc6 10. Qb2+ f6 11. O-O e5 12. d3 Qd6 13. Nbd2 Rad8 14. a3 Nb6 15. Ne4 Qe7 16. Rac1 Nb8 17. Nc5 c6 18. b4 Nd5 19. Rfd1 Bc8 20. Nd2 Rfe8 21. Nde4 Nc7 22. h3 Nd7 23. Bf3 Nb6 24. d4 f5 25. Nc3 e4 26. Be2 (26. d5 $5) 26... Ncd5 27. Nxd5 cxd5 (27... Nxd5 {keeps more tension.} 28. Bc4 Rf8 29. Rc2 b6 30. Na4 f4) 28. a4 {[%cal Ba3a4,Ba4a5][%mdl 32]} Rf8 29. Qd2 Qd6 30. a5 Nd7 31. b5 Nf6 32. Rc2 g5 33. Rdc1 f4 34. a6 bxa6 35. Nxa6 {Hoping for Rc6.} f3 36. Rc6 Qa3 (36... Qe7 $16) 37. gxf3 $18 Bxh3 38. Qb4 Qxb4 39. Nxb4 Rf7 40. Rc7 Rdd7 41. Rxd7 Rxd7 42. fxe4 Nxe4 43. Bf3 (43. f3 $16 Nd2 44. Kf2) 43... Nf6 ({Better is} 43... Rf7 $14 44. Bxe4 dxe4) 44. Nc6 Rb7 45. Rc5 Bf5 46. Bxd5 Nd7 (46... Nxd5 $16 47. Rxd5 Kg6) 47. Rc1 (47. Ne7 $18 {and White stays clearly on top.} Nxc5 48. Nxf5+ (48. Bxb7 Nxb7 49. Nxf5+ Kf6 $16) 48... Kg6 49. Bxb7 (49. dxc5 Rxb5 50. Be4 Rxc5 $11) 49... Nxb7 50. Ne7+ Kf7 51. Nc8) 47... Rxb5 $16 48. Ne7 Kf6 (48... Bg4 $16) 49. Nxf5 $18 ({Don't play} 49. Bc6 $6 Rb1 $14) 49... Rxd5 {[%mdl 4096] Endgame KRN-KRN} 50. e4 Ra5 51. Rc7 Nf8 52. Rc6+ Kf7 53. Rc7+ Kf6 $1 54. Rc6+ (54. Ne3 $18) 54... Kf7 $16 55. d5 Ng6 56. Nd6+ Ke7 57. Nc4 Ra1+ 58. Kh2 Re1 59. e5 ({White should play} 59. Re6+ $16 Kd8 60. Ne3) 59... Nf4 $2 {[%mdl 8192]} (59... Re2 $14) 60. Rc7+ $2 (60. d6+ $18 Kd8 61. Ra6) 60... Kd8 $11 61. d6 Rc1 $1 {The position is equal.} 62. Rc6 Kd7 63. Rc7+ {[%mdl 64] [#] Double Attack} Kd8 $1 64. Rc6 h5 65. Na5 $132 {[%mdl 2048] White is not holding back} Rxc6 66. Nxc6+ {KN-KN} Kd7 67. Nxa7 Nd3 68. Kg3 Nxe5 69. f4 h4+ 70. Kh3 gxf4 {[#] ( -> ...f3)} 71. Kxh4 Kxd6 72. Kh3 Kc5 73. Kg2 Kd4 74. Nb5+ Ke3 75. Nc3 f3+ 76. Kg3 Kd2 77. Ne4+ Ke2 78. Nc3+ Kd2 79. Ne4+ Ke3 (79... Ke1 {is more complex.} 80. Kf4 f2 81. Nxf2 Nc4 82. Kf3 Kd2) 80. Nc3 Kd4 81. Nd1 Kd3 82. Nf2+ Ke2 83. Nh3 Ke3 84. Nf2 Nd3 {Accuracy: White = 58%, Black = 47%.} 1/2-1/2

[Event "RUS Rapid GP Top 16 2018"]
[Site "Khanty-Mansiysk"]
[Date "2018.12.03"]
[Round "12"]
[White "Ponkratov, Pavel"]
[Black "Pridorozhni, Aleksei"]
[Result "1-0"]
[WhiteElo "2658"]
[BlackElo "2631"]
[Annotator "TA"]
[PlyCount "149"]
[EventDate "2018.12.01"]
[EventType "swiss"]
[EventCountry "RUS"]
[SourceTitle "playchess.com"]
[Source "ChessBase"]
[SourceQuality "1"]

{[%evp 21,149,0,6,-23,-16,-15,22,15,30,0,19,0,12,7,6,5,10,0,70,70,83,66,89,87,130,103,119,110,143,181,179,187,187,170,237,177,210,192,186,0,214,197,244,236,234,130,190,132,254,202,175,30,17,27,22,18,94,34,82,0,0,0,0,0,0,0,0,-45,161,161,200,200,200,200,200,200,200,5,8,8,190,190,190,190,190,190,190,145,430,145,145,12,430,430,757,682,682,191,191,0,658,497,5106,5073,29975,29976,29975,29976,29974,29963,29981,29982,29982,29983,29983,29982,29982,29983,29983,29983,29984,29984,29984,29985,29984,29984,29984,29985,29985,29985]} 1. c4 Nf6 2. Nc3 g6 3. Nf3 Bg7 4. e4 d6 5. d4 O-O 6. h3 e5 7. d5 a5 8. Be3 Na6 9. g4 Nd7 {E90: King's Indian: Classical: Early deviations and 6 h3} (9... Nc5 10. Nd2 c6 11. Be2 a4 12. h4 Qa5 13. f3 a3 14. Qc2 axb2 15. Qxb2 h5 16. g5 Nfd7 17. O-O f6 18. Kg2 Qd8 19. Nb3 fxg5 20. hxg5 {½-½ (67) Nepomniachtchi,I (2757)-Grischuk,A (2766) chess.com INT 2018}) 10. Nd2 Ndc5 11. a3 Bd7 {LiveBook: 4 Games. The position is equal.} 12. Qc2 $146 ({Predecessor:} 12. Rg1 Kh8 13. g5 f5 14. gxf6 Qxf6 15. Qe2 a4 16. Rg3 h6 17. O-O-O {½-½ (17) Nisipeanu,L (2659)-Nyzhnyk,I (2583) Konya 2011}) 12... c6 13. Be2 f5 14. gxf5 gxf5 15. Rg1 {And now Bh6 would win.} Kh8 16. O-O-O cxd5 17. Nxd5 {next Bg5 is good for White.} f4 18. Bxc5 $1 Nxc5 19. Nc3 Rc8 (19... Qh4 $11) 20. Bg4 $14 Ne6 21. Kb1 Nd4 22. Qd3 f3 23. Bxd7 Qxd7 24. Rg3 Qf7 25. Nb5 Nxb5 26. cxb5 Bh6 27. Nxf3 ({Don't do} 27. Rxf3 Qh5 $16) ({And not} 27. Qxd6 Bf4 $15) 27... Bf4 (27... Qe6 $142 28. Qd5 Qxd5 29. Rxd5 Rf6) 28. Rgg1 Rcd8 29. Nh4 Qf6 30. Nf3 $2 ({White should try} 30. Ng2 $18) 30... Bh6 $2 (30... Qf7 $1 $11 {and Black is okay.}) 31. Nh2 Qxf2 32. Ng4 {[%mdl 64] Double Attack} Qh4 33. Qc3 (33. Qd5 $18) 33... Rc8 (33... Bg5 $16) 34. Qxa5 (34. Qb3 $18) 34... Bf4 (34... Be3 $16 35. Qe1 Qxe1 36. Rgxe1 Bd4) 35. Rxd6 Qxh3 36. Rdd1 (36. Ka2 $1 $18) 36... Qb3 $1 $11 {( -> ...Rc2)} 37. Qb4 Qxb4 38. axb4 Rc7 (38... Rf7 $11 39. Rge1 Rg8) 39. Nf6 (39. Rgf1 $16) 39... Rg7 40. Nd7 ({White should play} 40. Nh5 $16 Rg6 41. Ka2 (41. Nxf4 Rxg1 42. Rxg1 Rxf4 $11)) 40... Rxg1 41. Rxg1 {[%mdl 4096] Endgame KRB-KRN} Rf7 42. Nc5 h5 43. Rh1 Rh7 44. Ne6 h4 $2 (44... Kg8 $15 {keeps the upper hand.}) 45. Nf8 $1 $18 {[%cal Rf8h7]} Bg3 46. Nxh7 Kxh7 {KR-KB} 47. Kc2 {aiming for Kd2.} Kg6 48. Kd3 Kg5 49. Rc1 $2 (49. Ke2 $1 $18 {[%cal Re2f3] Hoping for Kf3.} Kf4 50. Rf1+ Kxe4 51. Rf7) 49... h3 $11 50. Ke2 {Kf3 is the strong threat.} Kg4 $2 (50... Kf4 $11) 51. Kf1 $1 $18 Bf4 52. Rc7 b6 53. Rc3 Bd2 54. Rb3 Bf4 $2 {[%mdl 8192]} (54... Be1 $16 55. Kg1 Kf4 56. Rxh3 Bxb4) 55. Rd3 $2 (55. Kf2 $18) 55... Bc1 $16 {[#]} 56. Kg1 (56. b3 $1 $16) 56... Bf4 $2 {[%mdl 8192]} (56... Bxb2 $11 57. Kh2 Kf4 58. Kxh3 Kxe4) 57. Kf2 $18 Bh2 (57... Bc1 $142 58. Rg3+ Kf4 59. Rxh3 Kxe4) 58. Rd6 Bg3+ 59. Kg1 $2 (59. Kf1) 59... Bf4 60. Kf2 $2 (60. Kh1 Be3 61. Re6) 60... Bg3+ {[#]} 61. Kf1 $1 Kf3 (61... h2 $142 62. Kg2 Bf2 63. Rg6+ Kh5) 62. Rxb6 Kxe4 63. Rh6 {White mates.} h2 64. Kg2 Bf4 65. b6 Bxh6 {KB-K3P} 66. b7 Bf4 67. b8=Q Ke3 68. Qb6+ Kd3 69. Qd6+ Ke3 70. Qc5+ Kd3 71. Qc3+ Ke4 72. b5 {[%cal Bb4b5,Bb5b6,Bb6b7][%mdl 32]} Kf5 73. b6 e4 74. b7 e3 75. Qd3+ {Accuracy: White = 48%, Black = 31%.} 1-0